| 000 | 00747nam a2200253Ia 4500 | ||
|---|---|---|---|
| 003 | OSt | ||
| 005 | 20221005085339.0 | ||
| 006 | a|||||r|||| 00| 0 | ||
| 007 | ta | ||
| 008 | 221004b |||||||| |||| 00| 0 eng d | ||
| 020 |
_a9780486200514 (pbk) _c464.59 |
||
| 024 | _a113849 | ||
| 037 |
_b33874, 16/01/2012, Segment Book Distributors _cTextual |
||
| 040 |
_aCRL _cCRL _beng |
||
| 041 |
_2eng _aeng |
||
| 082 | _aR3xM74,7, H6 | ||
| 100 | _aCassirer Ernst | ||
| 245 | 0 | _aLanguage and myth | |
| 260 |
_aNew York _bDover Publication _c1946 |
||
| 300 |
_ax,103p. _ccm. |
||
| 650 | _aPHILOSOPHY | ||
| 942 |
_hR3xM74,7, H6 _cTEXL _2cc |
||
| 999 |
_c994083 _d994083 |
||